000 00680cam a22001935a 4500
001 ##J100736
008 000000s1910 000 0 eng u
035 _a(Sirsi) u100736
041 0 _aeng
050 0 4 _a942.273 $2 2
110 2 _aAuctioneers' Institute of the United Kingdom
_93785
245 0 0 _aAnnual provincial meeting at Manchester
_bWednesday, Thursday, Friday and Saturday 7 to 10, 1910
260 _a[S.l.]
_b[s.n.]
_c1910
300 _a15p.
_c22cm.
520 _aPamphlet outlining members of the council, itinerary, general arrangements of the institution's work visit to Manchester.
651 4 _aUnited Kingdom
_y
690 _aAuctioneering
_96218
942 _n0
999 _c99786
_d99786